Morza świata - Statistics

General Stats
  • This quiz has been taken 126 times
  • The average score is 27 of 100
Answers on the Map
Answers color-coded by a green-red scale on the quiz's map according to % correct below.
 
Answer Stats
Body of Water % Correct
Morze Bałtyckie
91%
Morze Czarne
89%
Ocean Atlantycki
79%
Ocean Indyjski
79%
Ocean Spokojny
79%
Morze Czerwone
75%
Morze Śródziemne
74%
Morze Północne
68%
Morze Kaspijskie
64%
Morze Japońskie
58%
Ocean Arktyczny
57%
Morze Adriatyckie
51%
Morze Żółte
51%
Morze Arabskie
49%
Morze Egejskie
49%
Morze Karaibskie
49%
Morze Norweskie
49%
Zatoka Meksykańska
49%
Morze Białe
47%
Morze Jońskie
47%
Morze Beringa
45%
Kanał La Manche
43%
Morze Wschodniochińskie
40%
Zatoka Perska
40%
Morze Grenlandzkie
36%
Morze Irlandzkie
36%
Morze Południowochińskie
36%
Morze Filipińskie
34%
Zatoka Kalifornijska
32%
Morze Azowskie
30%
Morze Czukockie
30%
Zatoka Botnicka
30%
Zatoka Gwinejska
30%
Morze Koralowe
28%
Morze marmara
28%
Morze Tyrreńskie
28%
Zatoka Fińska
28%
Morze Tasmańskie
26%
Zatoka Alaska
26%
Zatoka Biskajska
26%
Zatoka Hudsona
26%
Morze Barentsa
25%
Morze Beauforta
25%
Morze Ochockie
25%
Kanał Mozambicki
23%
Morze Celebes
23%
Morze Labradorskie
23%
Morze Timor
23%
Morze Wschodniosyberyjskie
23%
Zatoka Adeńska
23%
Zatoka Baffina
23%
Cieśnina Hudsona
21%
Morze Andamańskie
21%
Morze Karskie
21%
Zatoka Bengalska
21%
Morze Balearskie
19%
Morze Celtyckie
19%
Morze Łaptiewów
19%
Morze Sulu
19%
Zatoka Ryska
19%
Morze Banda
17%
Morze Jawajskie
17%
Morze Liguryjskie
17%
Wielka Zatoka Australijska
17%
Zatoka Panamska
17%
Morze Arafura
15%
Skagerrak
15%
Zatoka Omańska
15%
Kattegat
13%
Zatoka Sueska
13%
Zatoka Tajlandzka
13%
Cieśnina Davisa
11%
La Plata
11%
Morze Alborańskie
11%
Morze Flores
11%
Morze Moluckie
11%
Zatoka Akaba
11%
Cieśnina Bassa
9%
Cieśnina Malakka
9%
Morze Bismarcka
9%
Morze Salomona
9%
Cieśnina Cooka
8%
Morze Lakkadiwskie
8%
Morze Seram
8%
Zatoka Fundy
8%
Zatoka Świętego Wawrzyńca
8%
Zatoka Tonkińska
8%
Morze Halmahera
6%
Morze Salish
6%
Morze Sawu
6%
Zatoka Karpentaria
6%
Zatoka San Francisco
6%
Zatoka Tokijska
6%
Morze Peczorskie
4%
Przejście północno-wschodnie
4%
Zatoka Anadyrska
4%
Zatoka Maine
4%
Zatoka Tomini
4%
Cieśnina Makaskarska
2%
Zatoka Bone
2%
No matching quizzes found
Score Distribution
Percent of People with Each Score
Percentile by Number Answered
Your Score History
You have not taken this quiz